Intermediate Algebra with applications and visualization
| Main Authors: | , |
|---|---|
| Format: | Section = Libro |
| Language: | Undetermined Spanish |
| Published: |
Boston
Addison/Wesley
2005
|
| Edition: | 2a.ed. |
| Subjects: |
| LEADER | 00611nam a2200241Ia 4500 | ||
|---|---|---|---|
| 008 | 240829s9999 xx 000 0 und d | ||
| 020 | |a 0-321-15893-8 | ||
| 040 | |a BIBLIOTECA-RUSB/ 512.9 R683 | ||
| 041 | |a spa | ||
| 082 | |a 512.9 R683 | ||
| 100 | 1 | |a Rocswold, Gary K. | |
| 100 | 1 | |b Krieger, Terry A | |
| 245 | 1 | 0 | |a Intermediate Algebra with applications and visualization |
| 250 | |a 2a.ed. | ||
| 260 | |a Boston |b Addison/Wesley |c 2005 | ||
| 300 | |a 800 p. :il. | ||
| 650 | 7 | |a ALGEBRA | |
| 650 | 7 | |b ECUACIONES | |
| 650 | 7 | |c DESIGUALDADES | |
| 650 | 7 | |d SERIES | |
| 942 | |c BK |2 ddc | ||
| 991 | |a TEXTO | ||
| 999 | |c 1517 | ||